000 00462nam a22001817a 4500
005 20230130152952.0
008 221217b |||||||| |||| 00| 0 eng d
020 _a9789355010537
041 _aeng
082 _a660 DUB-A
100 _aDUBEY , Dr. R.C.
_97375
245 _aA TEXT BOOK OF BIOTECHNOLOGY
250 _a5th ed.
260 _aNEW DELHI
_bS.CHAND PUBLISHERS
_c2021
300 _a602;P.
650 _xPHARMACY
_aB.PHARMA
_97463
942 _cBK
999 _c8090
_d8088